000 00553cam a2200205ua 4500
001 6048
008 131101n ii |||gr||||Z||||||eng
020 _a978-81-250*2657-0
040 _cMAIN
082 _a907.2
100 _aSreedharan,E.,
_eAuthor.
245 _aTextbook of Historiography :
_b500 B.C to A.D 2000 /
_cby E. Sreedharan .
250 _a1st ed/ rep.
260 _aDelhi:
_bOrient Longman,
_c2006.
300 _axiii,531p.
653 _aHistory & geography
653 _aHistoriography
653 _a500 B.C to AD 2000
942 _cBK
999 _c5201
_d5201